000 00380 a2200169 4500
001 189135
020 _a978-85-16-07007-6
040 _cMagnum
100 _aAzevedo, Ricardo
240 1 0 _aO chute que a bola levou
_lpor
245 1 0 _aO chute que a bola levou
300 _a110
362 0 _a2011
440 1 _aModerna
697 _aLITERATURA INFANTO-JUVENIL
942 _cBK
999 _c189135
_d189135